High School English Grammar & Composition (Record no. 296746)

000 -LEADER
fixed length control field 00318 a2200133 4500
001 - CONTROL NUMBER
control field 61673
020 ## - INTERNATIONAL STANDARD BOOK NUMBER
International Standard Book Number 9788121921978
082 ## - DEWEY DECIMAL CLASSIFICATION NUMBER
Classification number 428 WRE
090 ## - LOCALLY ASSIGNED LC-TYPE CALL NUMBER (OCLC); LOCAL CALL NUMBER (RLIN)
-- 37108
-- 37108
100 ## - MAIN ENTRY--PERSONAL NAME
Personal name Wren P.C
245 ## - TITLE STATEMENT
Title High School English Grammar & Composition
260 ## - PUBLICATION, DISTRIBUTION, ETC.
Place of publication, distribution, etc. New Delhi
Name of publisher, distributor, etc. S.Chand & Company Ltd
Date of publication, distribution, etc. 2010
300 ## - PHYSICAL DESCRIPTION
Extent 424
942 ## - ADDED ENTRY ELEMENTS (KOHA)
Institution code [OBSOLETE] caenust
Call number prefix 428 WRE
Holdings
Withdrawn status Lost status Damaged status Not for loan Collection code Permanent Location Current Location Date acquired Total Checkouts Full call number Barcode Date last seen Price effective from Koha item type
          College of Aeronautical Engineering (CAE) College of Aeronautical Engineering (CAE) 04/03/2017   428 WRE CAE82061 04/05/2017 04/05/2017 Book
© 2023 Central Library, National University of Sciences and Technology. All Rights Reserved.